Missing Word: Orlando Bloom Quiz Stats

 Plays Quiz Updated Nov 15, 2018

Support Sporcle.
Go Orange.
Score 0/14 Timer 03:00
0 Plays Today
Movie Missing Word % Correct
Pirates of the Caribbean: Dead _____ ChestMan's
96.6%
_____ Hawk DownBlack
94.4%
Lord of the Rings: The Two _____Towers
93%
Pirates of the Caribbean: The Curse of the Black _____Pearl
91.4%
Pirates of the Caribbean: At _____ EndWorld's
88%
Lord of the Rings: The _____ of the KingReturn
87.8%
Lord of the Rings: The _____ of the RingFellowship
80.9%
Movie Missing Word % Correct
The Hobbit: The _____ of SmaugDesolation
70.8%
The _____ DoctorGood
56.3%
The Three _____Musketeers
50.9%
_____ and Other DisastersLove
44.9%
The _____ KidCalcium
12%
_____ StreetMain
7.3%
Sympathy for _____Delicious
6%

Today's Daily Dose

Word Ladder
Math Aid

Get the Picture
Warrior Women

You're not logged in!

Compare scores with friends on all Sporcle quizzes.
OR
Log In
Forgot?

From the Vault

Three Movies, Two Actors II

by seanpat0

Movies 2m
Expect a prequel sometime soon.
Remove Ads.
Support Sporcle.
Get the best of Sporcle when you Go Orange. This ad-free experience offers more features, more stats, and more fun while also helping to support Sporcle. Thank you for becoming a member.

Show Comments

Extras

Top Quizzes Today


Score Distribution

Your Account Isn't Verified!

In order to create a playlist on Sporcle, you need to verify the email address you used during registration. Go to your Sporcle Settings to finish the process.

Report this User

Report this user for behavior that violates our Community Guidelines.

Details: